000
00278nam a2200109Ia 4500
008
240625s9999 xx 000 0 und d
041
_a
eng
082
_a
332.64 WEB
100
_a
WEBBER NICK
245
_a
IMPLEMENTING MODELS OF FINANCIAL DERIVATIVES OBJECT ORIE
260
_c
2011
999
_c
34836
_d
34836